000 01112pamaa22003492i 4500
001 4260724
003 EG-GICUC
005 20260514112920.0
008 841029s1985 maua jr 001 0 eng
010 _a 84025843
020 _a0534037712 :
_c$39.95
020 _a9780534037710
035 _a4260724
040 _aDLC
_cDLC
_dDLC
_dEG-GICUC
_beng
_erda
082 0 0 _a004.65
_221
_bB5686
092 0 4 _221
_a004.65
_bB5686
099 _a004.65 B5686
100 1 _aBlackwell, William A.
_eAuthor.
245 1 0 _aIntroductory network theory /
_cWilliam A. Blackwell, Leonard L. Grigsby.
264 _aBoston, Mass. :
_bPWS Engineering,
_cc1985.
300 _axvi, 710 pages :
_billustration ;
_c25 cm.
336 _atext
_btxt
_2rdacontent
337 _aunmediated
_bn
_2rdamedia
338 _avolume
_bnc
_2rdacarrier
500 _aIncludes index.
504 _aBibliography: pages 705-710.
541 _aوزارة الثقافة ؛
_bالقاهرة ؛
_cإهداء ؛
_d2023.
650 0 _aElectric networks.
700 1 _aGrigsby, Leonard L.
_eAuthor.
905 _aSamah
942 _2ddc
_cBK
_e21
_n0
999 _c180142
_d180142